Statystyki dla Rejestracje woj. lubelskiego

Kliknij tutaj aby rozwiązać quiz!

Ogólne statystyki

  • Ten quiz został rozwiązany 476 razy
  • Średni wynik to 8 z 15

Statystyki odpowiedzi

HintOdpowiedź% Poprawnych
LULublin
99%
LCChełm
76%
LZZamość
74%
LRYrycki
63%
LPUpuławski
57%
LLBlubartowski
54%
LHRhrubieszowski
50%
LTMtomaszowski
50%
LJAjanowski
49%
LCHchełmski
48%
LBBiała Podlaska
46%
LSWświdnicki
46%
LWLwłodawski
46%
LBLbiłgorajski
39%
LLUłukowski
30%

Rozkład punktacji

Percentyl według liczby udzielonych odpowiedzi

Procent ludzi z każdym wynikiem

Twoja historia wyników

Nie rozwiązałeś tego quizu